Seventeen sermons preach'd upon several occasions : By William Clagett, ... With The sum of a conference, on February 21, 1686, between Dr. Clagett and Father Gooden, about the point of transubstantiation. The fourth edition. Vol. I.

Bibliographic Details
Main Author: Clagett, William, 1646-1688
Format: eBook
Language:English
Series:Eighteenth century collections online.
Online Access:Full text online

MARC

Tag First Indicator Second Indicator Subfields
LEADER 00000cam a2200000 4500
001 in00001908679
006 m | d |
007 cr |n||||||||n
008 860206s1704 enk|||| s 00| ||eng d
005 20260406215223.9
035 |a (CStRLIN)ESTCN22241 
040 |a Cu-RivES  |c Cu-RivES  |d CStRLIN  |d Thomson Gale  |d UtOrBLW 
100 1 |a Clagett, William,  |d 1646-1688. 
243 1 0 |a Sermons.  |k Selections 
245 1 0 |a Seventeen sermons preach'd upon several occasions :  |b By William Clagett, ... With The sum of a conference, on February 21, 1686, between Dr. Clagett and Father Gooden, about the point of transubstantiation. The fourth edition. Vol. I. 
264 3 |a London :  |b printed for W. Rogers,  |c 1704. 
300 |a volumes1 (16 unnumbered pages, 464, xi, 1 unnumbered page, 20p.) ;  |c 8⁰. 
336 |a text  |b txt  |2 rdacontent 
337 |a computer  |b c  |2 rdamedia 
338 |a online resource  |b cr  |2 rdacarrier 
500 |a 'The summ of a conference' is of the fourth edition and has a separate titlepage and pagination, but the register is continuous. 
500 |a Reproduction of original from the Harvard University Houghton Library. 
510 4 |a English Short Title Catalog,  |c ESTCN22241. 
533 |a Electronic reproduction.  |b Farmington Hills, Mich. :  |c Thomson Gale,  |d 2003.  |n Available via the World Wide Web.  |n Access limited by licensing agreements  |7 s2003 miunns 
500 |a Electronic resource. 
830 0 |a Eighteenth century collections online. 
856 4 0 |u http://proxy.library.tamu.edu/login?url=https://galenet.galegroup.com/servlet/ECCO?c=1&stp=Author&ste=11&af=BN&ae=N022241&tiPG=1&dd=0&dc=flc&docNum=CW118991296&vrsn=1.0&srchtp=a&d4=0.33&n=10&SU=0LRF&locID=txshracd2898  |z Full text online  |t 0 
999 |a MARS 
999 f f |s dbb58c43-c196-3638-8b9b-4a899158e360  |i 13d4232e-5239-33fd-9a7e-4850b28c345d  |t 0 
952 f f |a Texas A&M University  |b College Station  |c Electronic Resources  |s www_evans  |d Available Online  |t 0  |h No information provided 
998 f f |t 0  |l Available Online